Statistics for 2010-11 Premier League Final Table

Click here to take the quiz!

General Stats

  • This quiz has been taken 5 times
  • The average score is 13 of 20

Answer Stats

PositionTeamWonDrewLostGF/GAGDPoints% Correct
4Arsenal1911872/432968
100%
2Chelsea218969/333671
100%
3Manchester City218960/332771
100%
1Manchester United2311478/374180
100%
14Bolton Wanderers12101652/56-446
75%
7Everton13151051/45654
75%
6Liverpool1771459/441558
75%
5Tottenham Hotspur1614855/46962
75%
9Aston Villa12121448/59-1148
50%
18Birmingham City8151537/58-2139
50%
15Blackburn Rovers11101746/59-1343
50%
19Blackpool1091955/78-2339
50%
8Fulham11161149/43649
50%
12Newcastle United11131456/57-146
50%
13Stoke City1371846/48-246
50%
10Sunderland12111545/56-1147
50%
11West Bromwich Albion12111556/71-1547
50%
20West Ham United7121943/70-2733
50%
16Wigan Athletic9151440/61-2142
50%
17Wolverhampton Wanderers1172046/66-2040
50%

Score Distribution

Percentile by Number Answered

Percent of People with Each Score

Your Score History

You have not taken this quiz